Statistics for Word Scramble - American Countries

Click here to take the quiz!

General Stats

  • This quiz has been taken 37 times
  • The average score is 13 of 14

Answer Stats

GibberishCountry% Correct
libovaiBolivia
100%
ilechChile
100%
tmelgauaaGuatemala
100%
amanapPanama
100%
purePeru
100%
ndacaaCanada
97%
bacuCuba
97%
xciemoMexico
97%
vzneulaeeVenezuela
97%
hbmsaaaBahamas
94%
tinude tastesUnited States
89%
nsruaemiSuriname
83%
gretnanaiArgentina
74%
miidnoacDominica
71%

Score Distribution

Percentile by Number Answered

Percent of People with Each Score

Your Score History

You have not taken this quiz